| Поле | Инд. | ПП | Название | Значение |
|---|---|---|---|---|
| Тип записи | a | |||
| Библиографический уровень | m | |||
| 001 | Контрольный номер | b5350604-07c5-4a4b-ab74-f17f1b69e646 | ||
| 005 | Дата корректировки | 20140226150902.1 | ||
| 008 | Кодируемые данные | 001227 d | ||
| 020 | a | ISBN | 5-05-002585-0 (в пер.) | |
| c | Цена, тираж | 6 р. 20 к. | ||
| 020 | a | ISBN | 5-05-002590-7 | |
| 040 | a | Служба первич. каталог. | RU-RKP | |
| 040 | a | Служба первич. каталог. | НБ ТвГУ | |
| 041 | a | Код языка текста | rus | |
| 080 | a | Индекс УДК | 7(450)(091)"17/19" | |
| 084 | a | Индекс другой классификации/Индекс ББК | Щ103(4ИТА) | |
| 090 | x | Авторский знак | А79 | |
| a | Полочн. индекс | Щ103(4ИТА) | ||
| 100 | 1_ | a | Автор | Арган Джулио Карло |
| 245 | 10 | a | Заглавие | История итальянского искусства |
| n | Номер части/ раздела | Т. 2 | ||
| p | Название части/ раздела | Высокое Возрождение. Барокко. Искусство XVIII века. Искусство XIX - начала XX века / [Науч. ред. и авт. послесл. В. Д. Дажина] | ||
| b | Продолж. заглавия | [Пер. с итал.] | ||
| c | Ответственность | Дж.К. Арган | ||
| 260 | 0_ | a | Место издания | Москва |
| b | Издательство | Радуга | ||
| c | Дата издания | 1990 | ||
| 300 | a | Объем | 238,[1] с., [64] л. ил., цв. ил. | |
| c | Размеры | 22 см | ||
| 500 | a | Примечание | Перевод изд.: Storia dell,arte italiana / Jiulio Carlo Argan (Sansoni, 1970) | |
| 504 | a | Библиография | Библиогр. в примеч.: с. 227-228 | |
| 650 | a | Основная рубрика | Искусство | |
| x | Основная подрубрика | История | ||
| y | Хронологическая подрубрика | 16-20 вв. | ||
| z | Географическая подрубрика | Италия | ||
| 650 | a | Основная рубрика | Итальянское искусство | |
| x | Основная подрубрика | Архитектура | ||
| 650 | a | Основная рубрика | Изобразительное искусство | |
| 653 | a | Ключевые слова | Итальянское искусство | |
| a | Ключевые слова | Итальянское изобразительное искусство | ||
| a | Ключевые слова | Изобразительное искусство | ||
| a | Ключевые слова | Архитектура Италии | ||
| a | Ключевые слова | Искусство Возрождения | ||
| a | Ключевые слова | Барокко | ||
| a | Ключевые слова | Возрождение | ||
| a | Ключевые слова | Искусство Италии | ||
| a | Ключевые слова | Итальянская архитектура | ||
| 700 | 1_ | a | Другие авторы | Дажина В.Д. |
| e | Роль лиц | ред. | ||
| 852 | t | Порядковый номер экземпляра | 1 | |
| p | Инвентарный номер | 620900 | ||
| 954 | a | Дата поступления на обработку | 20000407 | |
| 999 | a | Подразделение 2 | ч.з. |